Základné pojmy z oblasti merania a riadenia kreditného rizika

Guardado en:
Detalles Bibliográficos
Autor principal: Kaderová, Andrea
Formato: Libro
Lenguaje:eslovaco
Publicado: Bratislava Katedra matematiky FHI EU 2010
Materias:
Etiquetas: Agregar Etiqueta
Sin Etiquetas, Sea el primero en etiquetar este registro!

MARC

LEADER 00000nam$a2200000$$$4500
001 0117291
005 20240502072318.3
041 0 |a slo 
044 |a SK 
245 1 0 |a Základné pojmy z oblasti merania a riadenia kreditného rizika  |c Andrea Kaderová 
264 1 |a Bratislava  |b Katedra matematiky FHI EU  |c 2010 
610 2 0 |a úver 
610 2 0 |a riziko úverové 
610 2 0 |a meranie 
610 2 0 |a riadenie 
100 1 |a Kaderová, Andrea